=LDR 00000nam 2200000 4500 =001 INLIS000000000030749 =005 20130612132853 =008 ***********************************Ind** =035 ##$$0010-061300000030749 =041 ##$$a Ind =082 ##$$a 658.804 =090 ##$$a 658.804, Nas m =100 ##$$a nasution, Arman Halim =245 ##$$a Manajemen pemasaran untuk engineering, Arman Halim Nasution, Indung Sudarso =260 ##$$a 2006 $b Yogyakarta =300 ##$$a ix, 165 hlm, ilus, 23 cm =650 ##$$a Manajemen Pemasaran =850 ##$$a NBPNMAT =990 ##$$a 0001/BPAP-NTB/2015